[Event "Ron Banwell Masters"]
[Site "London ENG"]
[Date "2001.08.26"]
[Round "9"]
[White "Pratibha,Y"]
[Black "Rendle,T"]
[Result "0-1"]
[WhiteElo "2054"]
[BlackElo "2129"]

1.e4 e6 2.d4 d5 3.Nd2 Be7 4.Bd3 c5 5.dxc5 Nf6 6.exd5 Nxd5 7.Ne4 O-O 8.Nd6 Nd7
9.Nxc8 Rxc8 10.c3 Nxc5 11.Nf3 Nxc3 12.Bxh7+ Kxh7 13.bxc3 Qxd1+ 14.Kxd1 Ne4
15.Be3 Nxc3+ 16.Ke1 Nd5 17.Bd2 Rc2 18.h4 Bf6 19.Kd1 Rfc8 20.Rc1 Rxc1+ 21.Bxc1 Nc3+
22.Ke1 Nxa2 23.Be3 Nb4 24.Ng5+ Bxg5 25.hxg5+ Kg6 26.Ke2 b6 27.Ra1 Rc7 28.Rb1 Nd5
29.Bd2 Nc3+ 30.Bxc3 Rxc3 31.Ra1 Rc7 32.f4 Kf5 33.Ke3 Rb7 34.Kf3 b5 35.g4+ Kg6
36.Ke3 b4 37.Rb1 b3 38.Rb2 a5 39.Kd3 a4 40.Kc3 e5 41.fxe5 Kxg5 42.Rb1 Kxg4
43.Kb2 Kf5 44.Ka3 Kxe5 45.Kxa4 g5 46.Ka3 b2 47.Ka2 f5 48.Re1+ Kf6 49.Kb1 g4
50.Re8 Kg5 51.Rg8+ Kf4 52.Rg6 g3 53.Rg8 Kf3 54.Rg6 f4 55.Rd6 g2 56.Rd1 Kg3
57.Rd3+ f3  0-1

[Event "ADCF Masters"]
[Site "Abu Dhabi UAE"]
[Date "2001.08.30"]
[Round "6"]
[White "Iuldachev,S"]
[Black "Sharif,Me"]
[Result "1/2-1/2"]
[WhiteElo "2508"]
[BlackElo "2474"]

1.e4 e6 2.d4 d5 3.Nd2 Be7 4.Ngf3 Nf6 5.Bd3 c5 6.dxc5 dxe4 7.Nxe4 Nxe4 8.Bxe4 Qxd1+
9.Kxd1 Bxc5 10.Ke2 Nc6 11.Be3 Bxe3 12.Bxc6+ bxc6 13.Kxe3 c5 14.Rhd1 Bb7 15.Rd3 Ke7
16.Rad1 Rhd8 17.Rxd8 Rxd8 18.Rxd8 Kxd8 19.Ng5 Ke7 20.Ne4 e5 21.f3 c4 22.g4 f6
23.Kd2 g6 24.Kc3 Bd5 25.Kb4 f5 26.gxf5 gxf5 27.Nd2 Kf6 28.Kc5 c3 29.bxc3 Bb7
30.Kd6 e4 31.fxe4 fxe4 32.Nf1 Kf5 33.Kc5 Kf4 34.Kd4 h5 35.Ne3 Kf3 36.Nf5 Kg2
37.h4 Kf3 38.c4 Bc6 39.c5 Kg4 40.Ne7 Ba4 41.c6 e3 42.Nd5 Kg3 43.Kxe3 Bxc6
44.c4 Kxh4 45.Ne7 Bd7 46.Kf4 Be6 47.Nf5+  1/2-1/2

[Event "EYCC B14"]
[Site "Halkidiki GRE"]
[Date "2001.09.01"]
[Round "2"]
[White "Baramidze,D"]
[Black "Zorko,J"]
[Result "0-1"]
[WhiteElo "2338"]
[BlackElo "2108"]

1.e4 e6 2.d4 d5 3.Nd2 Nc6 4.Ngf3 Nf6 5.e5 Nd7 6.Be2 f6 7.exf6 Qxf6 8.Nf1 Bd6
9.Ne3 O-O 10.O-O Ne7 11.c4 c6 12.c5 Bc7 13.Ng4 Qg6 14.Nh4 Qf7 15.f4 Nf5 16.Nf3 b6
17.Nge5 Nxe5 18.Nxe5 Bxe5 19.fxe5 bxc5 20.dxc5 Qe7 21.b4 a5 22.g4 Nh4 23.Rxf8+ Qxf8
24.Bg5 Ng6 25.Qd4 axb4 26.Bd3 Ba6 27.Bxg6 hxg6 28.Qxb4 Bc4 29.Kg2 Be2 30.Qc3 Bxg4
31.a4 Qf5 32.h4 Qe4+ 33.Kg1 Bf3 34.Qb2 Rf8 35.Rf1 Qxa4 36.Qf2 Rf5 37.Qg3 Qe4
38.Kh2 d4 39.Rf2 d3 40.Bd2 Qxe5 41.Qxe5 Rxe5 42.Bf4 Rf5 43.Be3 Be2 44.Rxf5 gxf5
45.Kg3 e5  0-1

[Event "3rd Open"]
[Site "Glyfada GRE"]
[Date "2001.09.02"]
[Round "3"]
[White "Dochev,D"]
[Black "Eskola,R"]
[Result "1/2-1/2"]
[WhiteElo "2382"]
[BlackElo "2148"]

1.e4 e6 2.d4 d5 3.Nd2 Be7 4.Ngf3 Nf6 5.Bd3 c5 6.e5 Nfd7 7.c3 Nc6 8.O-O a5
9.a4 cxd4 10.cxd4 Qb6 11.Nb3 f6 12.exf6 Nxf6 13.Ne5 O-O 14.Nxc6 bxc6 15.Bd2 e5
16.Bc3 e4 17.Be2 Bd6 18.Rc1 Bf4 19.Ra1 Bb8 20.f4 exf3 21.Bxf3 Qc7 22.g3 Bh3
23.Bg2 Bg4 24.Qd2 h5 25.Bxa5 Qa7 26.Bb4 Re8 27.Bc5 Qd7 28.Qg5  1/2-1/2

[Event "TCh-YUG"]
[Site "Herceg Novi YUG"]
[Date "2001.09.06"]
[Round "4"]
[White "Popovic,P"]
[Black "Kosic,D"]
[Result "1/2-1/2"]
[WhiteElo "2526"]
[BlackElo "2508"]

1.e4 e6 2.d4 d5 3.Nd2 Be7 4.Bd3 c5 5.dxc5 Nf6 6.Qe2 Nc6 7.Ngf3 Nb4 8.Nb3 O-O
9.Bd2 a5 10.Bxb4 axb4 11.O-O Qc7 12.exd5 Nxd5 13.Qe4 g6 14.Rfe1  1/2-1/2

[Event "TCh-YUG"]
[Site "Herceg Novi YUG"]
[Date "2001.09.07"]
[Round "5"]
[White "Matulovic,M"]
[Black "Ilic,D"]
[Result "1-0"]
[WhiteElo "2423"]
[BlackElo "2367"]

1.e4 e6 2.d4 d5 3.Nd2 Nc6 4.Ngf3 Nf6 5.e5 Nd7 6.Nb3 a5 7.a4 Be7 8.Bb5 O-O
9.O-O f6 10.exf6 Nxf6 11.Bxc6 bxc6 12.Ne5 Qe8 13.Bd2 Bd6 14.Re1 Ne4 15.f3 Nxd2
16.Qxd2 Bb4 17.c3 Bd6 18.Nc5 Rf5 19.b4 Bxe5 20.Rxe5 Rxe5 21.dxe5 Qe7 22.Nb3 axb4
23.cxb4 Ba6 24.Nc5 Bc4 25.a5 Kf7 26.g3 Qe8 27.Qf4+ Kg8 28.Qg4 d4 29.Qxd4 Bd5
30.Rf1 Qh5 31.Qe3 Qf5 32.Qc3 g5 33.Nd7 Rd8 34.Nf6+ Kg7 35.g4 Qg6 36.Qc5 Kh6
37.Qe7 Rb8 38.a6 Ra8 39.Nxd5 exd5 40.Ra1 Re8 41.Qc5 Qd3 42.Rf1 Qxa6  1-0

[Event "TCh-CRO Jun"]
[Site "Pula CRO"]
[Date "2001.09.10"]
[Round "1"]
[White "Barbaric,V"]
[Black "Troselj,T"]
[Result "1/2-1/2"]
[WhiteElo "2052"]
[BlackElo "2098"]

1.e4 e6 2.d4 d5 3.Nd2 a6 4.Bd3 c5 5.c3 Nc6 6.dxc5 Bxc5 7.Ngf3 Nf6 8.O-O dxe4
9.Nxe4 Nxe4 10.Bxe4 Qxd1 11.Rxd1 Bd7 12.Bf4 O-O-O 13.b4 Bb6 14.a4 Bc7 15.Bxc7 Kxc7
16.b5 Na5 17.Ne5 Nb3 18.Nxf7 Nxa1 19.Rxa1 axb5 20.Nxd8 Rxd8 21.axb5 Bxb5
22.Bxh7 Bd3 23.Bxd3 Rxd3 24.Rc1 Kc6 25.Kf1 Kc5 26.Re1 Rxc3 27.Rxe6 b5 28.Ke1 Rc2
29.Re7 Kc4 30.Rxg7 b4 31.Rc7+ Kd3 32.Rd7+ Kc3 33.Rc7+ Kd3 34.Rd7+ Kc3  1/2-1/2

[Event "TCh-CRO"]
[Site "Pula CRO"]
[Date "2001.09.12"]
[Round "3"]
[White "Leventic,I"]
[Black "Bukal,V jr"]
[Result "1/2-1/2"]
[WhiteElo "2416"]
[BlackElo "2411"]

1.e4 e6 2.d4 d5 3.Nd2 Be7 4.Bd3 c5 5.dxc5 Nd7 6.Bb5 Bxc5 7.Qe2 a6 8.Bd3 Ne5
9.Ngf3 Nxd3+ 10.Qxd3 Ne7 11.O-O O-O 12.Nb3 dxe4 13.Qxe4 Ba7 14.Bf4 Qd5 15.Qe2 Ng6
16.Bg3 Qh5 17.Rfe1 Re8 18.Ne5 Qxe2 19.Rxe2 Nxe5 20.Bxe5 f6  1/2-1/2

[Event "ch-ARM"]
[Site "Yerevan ARM"]
[Date "2001.09.16"]
[Round "4"]
[White "Hachatrian,V"]
[Black "Lputian,S"]
[Result "0-1"]
[WhiteElo "2411"]
[BlackElo "2608"]

1.e4 e6 2.d4 d5 3.Nd2 Be7 4.Bd3 c5 5.dxc5 Nf6 6.Qe2 O-O 7.Ngf3 a5 8.a4 Na6
9.Nb3 Nb4 10.exd5 Nxd3+ 11.Qxd3 Nxd5 12.Be3 b6 13.O-O-O bxc5 14.Bxc5 Ba6
15.Qe4 Bxc5 16.Nxc5 Qc8 17.Ng5 Nf6 18.Qd4 Rb8 19.c3 Bb7 20.f3 Bd5 21.Nge4 Bxe4
22.fxe4 Rb6 23.Rhf1 Rc6 24.e5 Nd5 25.Ne4 Rc4 26.Qa7 Rxe4  0-1

[Event "President's Cup"]
[Site "Abudhabi UAE"]
[Date "2001.09.17"]
[Round "6"]
[White "Jasim,A"]
[Black "Hassan,Ab"]
[Result "1-0"]
[WhiteElo "2293"]
[BlackElo "2242"]

1.e4 e6 2.d4 d5 3.Nd2 Nc6 4.Ngf3 Nf6 5.e5 Nd7 6.c3 f6 7.exf6 Qxf6 8.Bd3 Bd6
9.O-O O-O 10.b4 Rd8 11.Re1 Nf8 12.Nf1 h6 13.b5 Ne7 14.Ng3 Bd7 15.Ne5 Bxe5
16.dxe5 Qf7 17.Qg4 Nf5 18.Rb1 Kh8 19.Ne2 Qg6 20.Qxg6 Nxg6 21.Nd4 Nxd4 22.cxd4 Ne7
23.g4 c6 24.Ba3 Re8 25.bxc6 Bxc6 26.f4 g6 27.Re3 Kg7 28.Rg3 Nc8 29.f5 g5
30.Rh3 Rh8 31.fxe6 Re8 32.Rf1 Rxe6 33.Bf8+ Kg8 34.Bf5 Re8 35.Bxh6 Nb6 36.Bxg5 Bb5
37.Rf2 Bd7 38.Bf6 Bxf5 39.gxf5 Rf8 40.Rg2+ Kf7 41.Rh7+ Ke8 42.Re7+ Kd8 43.Rf7+ Ke8
44.Rxf8+ Kxf8 45.e6  1-0

[Event "6th ECCW"]
[Site "Belgrade YUG"]
[Date "2001.09.17"]
[Round "2"]
[White "Bojkovic,N"]
[Black "Zhukova,N"]
[Result "1/2-1/2"]
[WhiteElo "2452"]
[BlackElo "2440"]

1.e4 e6 2.d4 d5 3.Nd2 a6 4.Bd3 c5 5.dxc5 Bxc5 6.Ngf3 Ne7 7.O-O Nbc6 8.c3 O-O
9.Re1 b5 10.Nb3 Bb6 11.exd5 Nxd5 12.Be4 Ra7 13.Bg5 f6 14.Bxd5 exd5 15.Be3 Bxe3
16.Rxe3 Bg4 17.h3 Bxf3 18.Qxf3 d4 19.cxd4 Nxd4 20.Qe4 Nxb3 21.Qe6+ Kh8 22.axb3 a5
23.Qc6 b4 24.Rae1 Rd7 25.Qf3 Rd2 26.R1e2 Rd1+ 27.Re1 Rxe1+ 28.Rxe1 Qd2 29.Re2 Qd1+
30.Kh2 Qd6+ 31.Kg1 Qd1+ 32.Kh2 Qd6+ 33.Kg1 Qd1+  1/2-1/2

[Event "ch-ARM"]
[Site "Yerevan ARM"]
[Date "2001.09.22"]
[Round "10"]
[White "Hachatrian,V"]
[Black "Minasian,Ara"]
[Result "0-1"]
[WhiteElo "2411"]
[BlackElo "2480"]

1.e4 e6 2.d4 d5 3.Nd2 Be7 4.Bd3 c5 5.dxc5 Nf6 6.Qe2 O-O 7.Ngf3 a5 8.O-O Na6
9.exd5 Qxd5 10.Ne4 Nxc5 11.Nxc5 Qxc5 12.Bg5 h6 13.Bh4 Rd8 14.Rad1 b6 15.c3 Rxd3
16.Qxd3 Ba6 17.Qd4 Bxf1 18.Qxc5 Bxc5 19.Kxf1 Nd5 20.c4 Nb4 21.a4 f6 22.Rd7 e5
23.Nd2 Bd4 24.b3 Na6 25.f4 Nc5 26.Rd6 Bc3 27.fxe5 Bxd2 28.Rxd2 Nxb3 29.Rd6 fxe5
30.Bg3 Nc5 31.Rxb6 Nxa4 32.Rb7 Nc5 33.Rc7 Nd3 34.Ke2 Nf4+ 35.Kf3 a4 36.Be1 a3
37.Bc3 a2 38.Ba1 Ne6 39.Re7 Nd4+ 40.Ke4 Kf8 41.Rxe5 Nc2 42.Rf5+ Kg8 43.Rf1 Rb8
44.Rc1 Na3 45.Rd1 Rb1 46.Rd8+ Kh7 47.Bc3 Rc1 48.Bb2 Re1+ 49.Kf3 Rb1 50.Ra8 Rxb2  0-1

[Event "4NCL"]
[Site "Birmingham ENG"]
[Date "2001.09.23"]
[Round "2"]
[White "Trent,L"]
[Black "Cobb,C"]
[Result "0-1"]
[WhiteElo "2249"]
[BlackElo "2310"]

1.e4 e6 2.d4 d5 3.Nd2 Be7 4.e5 c5 5.Qg4 Kf8 6.dxc5 Nc6 7.Ngf3 h5 8.Qf4 g5
9.Qe3 Nh6 10.Nb3 Nf5 11.Qd2 g4 12.Nfd4 Qc7 13.Nxc6 bxc6 14.Qf4 Nh4 15.Bd2 Ng6
16.Qe3 Qxe5 17.Qxe5 Nxe5 18.Bc3 f6 19.h3 gxh3 20.Rxh3 Ng6 21.O-O-O e5 22.Rh2 Kf7
23.Bd2 Bg4 24.f3 Bd7 25.c4 d4 26.f4 Bg4 27.Re1 Nxf4 28.Bxf4 exf4 29.Bd3 a5
30.Be4 a4 31.Nxd4 Bxc5 32.Nxc6 Be3+ 33.Kb1 Rhc8 34.Bd5+ Kg7 35.Reh1 Rab8
36.a3 Bc5 37.Na5  0-1

[Event "ECC"]
[Site "Panormo GRE"]
[Date "2001.09.23"]
[Round "1"]
[White "Elseth,R"]
[Black "Jacimovic,D"]
[Result "0-1"]
[WhiteElo "2358"]
[BlackElo "2485"]

1.e4 e6 2.d4 d5 3.Nd2 Be7 4.Bd3 Nc6 5.Ngf3 Nb4 6.Be2 dxe4 7.Nxe4 Nf6 8.Nxf6+ Bxf6
9.O-O O-O 10.c3 Nd5 11.Qb3 a5 12.a4 b6 13.Re1 Bb7 14.Bd3 Rb8 15.Qc2 g6 16.Bh6 Re8
17.Be4 c5 18.Rad1 Qc7 19.g3 Rbc8 20.h4 Bh8 21.dxc5 bxc5 22.Qe2 Bc6 23.Ra1 Qb7
24.Ng5 f6 25.Nh3 Nb6 26.Qc2 Bxe4 27.Rxe4 Qc6 28.h5 f5 29.Ree1 c4 30.hxg6 hxg6
31.Be3 Nd5 32.Nf4 Nxf4 33.Bxf4 e5 34.Bg5 Rc7 35.Qe2 Rh7 36.f3 Rh5 37.Be3 Bf6
38.Qg2 Kf7 39.Kf1 Reh8 40.Bg1 Rh3 41.Qf2 f4 42.Re4 Rxg3 43.Qa7+ Be7 44.Ke2 Rg2+
45.Kf1 Rxb2 46.Rae1 g5 47.Qxa5 Rh3 48.Bd4 Rxf3+ 49.Kg1 Qe6  0-1

[Event "Mitropa Cup"]
[Site "Saint Vincent ITA"]
[Date "2001.09.23"]
[Round "9"]
[White "Sakelsek,T"]
[Black "Vavrak,P"]
[Result "1/2-1/2"]
[WhiteElo "2202"]
[BlackElo "2286"]

1.e4 e6 2.d4 d5 3.Nd2 Be7 4.e5 c5 5.c3 Nc6 6.Ndf3 Qb6 7.Bd3 cxd4 8.cxd4 Bd7
9.Ne2 Nb4 10.Bb1 Bb5 11.O-O Qa6 12.Re1 Nd3 13.Bxd3 Bxd3 14.Nc3 h5 15.Bg5  1/2-1/2

[Event "ch-HUN Women"]
[Site "Budapest HUN"]
[Date "2001.09.28"]
[Round "8"]
[White "Lakos,N"]
[Black "Toth,Li"]
[Result "1/2-1/2"]
[WhiteElo "2339"]
[BlackElo "2184"]

1.e4 e6 2.d4 d5 3.Nd2 Nc6 4.Ngf3 Nf6 5.e5 Nd7 6.Nb3 b6 7.Bb5 Ncb8 8.Bg5 Be7
9.Bxe7 Qxe7 10.c3 a5 11.Nc1 Ba6 12.Bxa6 Nxa6 13.O-O O-O 14.Re1 c5 15.Nd3 b5
16.Nd2 Rfc8 17.Re3 Rc7 18.Rh3 cxd4 19.cxd4 Nb4 20.Nb3 Rc4 21.Nxb4 Qxb4 22.a3 Qe7
23.Qd3  1/2-1/2

[Event "Tatry Open"]
[Site "High Tatras SVK"]
[Date "2001.09.31"]
[Round "3"]
[White "Pokorna,Reg"]
[Black "Huba,M sr"]
[Result "1-0"]
[WhiteElo "2348"]
[BlackElo "2176"]

1.e4 e6 2.d4 d5 3.Nd2 a6 4.Ngf3 c5 5.exd5 exd5 6.dxc5 Bxc5 7.Nb3 Be7 8.Bd3 Nf6
9.O-O Bg4 10.h3 Bh5 11.Nbd4 O-O 12.Nf5 Bc5 13.Bg5 Nbd7 14.c3 Re8 15.g4 Bg6
16.N3d4 Qb6 17.Nb3 Bf8 18.Be3 Qc7 19.Re1 Ne5 20.Bf4 Rad8 21.Nbd4 Nfd7 22.Bf1 f6
23.Bg2 Nb6 24.Bg3 Qd7 25.a4 Nc6 26.Qb3 Bc5 27.Rad1 Ne5 28.Ne3 Bf7 29.a5 Nbc4
30.Qc2 Nxe3 31.Rxe3 Nc4 32.Rxe8+ Rxe8 33.Nf5 Bf8 34.b3 Nxa5 35.Ne3 Nc6 36.Nxd5 Qe6
37.Nc7 Qxb3 38.Qxb3 Bxb3 39.Bd5+ Bxd5 40.Nxe8 Bf3 41.Rb1 Ne5 42.Nc7 Kf7 43.Bxe5 fxe5
44.c4 Bc6 45.Kf1 Bd6 46.Nxa6 Be4 47.Rd1 Be7 48.Nc7 Bf3 49.Rd3 Bc6 50.Nd5 b5
51.Nxe7 Kxe7 52.Re3 bxc4 53.Rxe5+ Kd6 54.f4 g6 55.Ke2 Bg2 56.h4 Bh3 57.g5 Bg4+
58.Kd2 Bf5 59.h5 Be6 60.h6  1-0

[Event "ch-SLO"]
[Site "Grize SLO"]
[Date "2001.10.04"]
[Round "4"]
[White "Mikac,M"]
[Black "Zorko,J"]
[Result "1-0"]
[WhiteElo "2404"]
[BlackElo "2108"]

1.e4 e6 2.d4 d5 3.Nd2 Nc6 4.Ngf3 Nf6 5.e5 Nd7 6.Bb5 a6 7.Ba4 b5 8.Bb3 Na5
9.c3 Nxb3 10.axb3 c5 11.dxc5 Bxc5 12.b4 Bb6 13.Nb3 O-O 14.Nbd4 Bb7 15.O-O Qc7
16.Bf4 Rfe8 17.Qd2 Nf8 18.h4 h5 19.Bg3 Nh7 20.Bf4 Qc4 21.Be3 Rac8 22.Rfe1 Bd8
23.Qd1 Bb6 24.Nb3 Bd8 25.Nc5 Ba8 26.Bd4 Rxc5 27.bxc5 b4 28.cxb4 Qxb4 29.Rxa6  1-0

[Event "Bundesliga 2001-2"]
[Site "Bonn GER"]
[Date "2001.10.06"]
[Round "1"]
[White "Breder,D"]
[Black "Mueller,Ka"]
[Result "1/2-1/2"]
[WhiteElo "2411"]
[BlackElo "2503"]

1.e4 e6 2.d4 d5 3.Nd2 a6 4.Ngf3 c5 5.exd5 exd5 6.dxc5 Bxc5 7.Nb3 Bb6 8.Bd3 Ne7
9.Nfd4 Nbc6 10.Be3 Ne5 11.Qe2 Qc7 12.c3 Bg4 13.f3 Bh5 14.Nc2 Nxd3+ 15.Qxd3 O-O
16.O-O Bg6 17.Bxb6 Qxb6+ 18.Qe3 Nc8 19.Rf2 Bxc2 20.Qxb6  1/2-1/2

[Event "Bundesliga 2001-2"]
[Site "Bonn GER"]
[Date "2001.10.06"]
[Round "1"]
[White "Heinemann,T"]
[Black "Jackelen,T"]
[Result "0-1"]
[WhiteElo "2465"]
[BlackElo "2392"]

1.e4 e6 2.d4 d5 3.Nd2 Be7 4.Bd3 c5 5.dxc5 Nf6 6.exd5 Qxd5 7.Ngf3 Nbd7 8.Qe2 Nxc5
9.Bb5+ Bd7 10.O-O O-O 11.b3 Nxb3 12.axb3 Qxb5 13.Nc4 b6 14.Nd4 Qd5 15.Rd1 Rfd8
16.Ne5 Be8 17.Bb2 Qb7 18.c4 a5 19.Rd3 a4 20.Re1 axb3 21.Rxb3 Ra2 22.Qe3 Qc7
23.Bc3 Bc5 24.h3 Ba4 25.Rb2 Ra3 26.Rd2 Be8 27.Rc1 b5 28.Rd3 bxc4 29.Nxc4 Nd5
30.Qd2 Rxc3 31.Rcxc3 Bb4 32.Ne3  0-1

[Event "Essent Open"]
[Site "Hoogeveen NED"]
[Date "2001.10.12"]
[Round "1"]
[White "Plasman,H"]
[Black "Riazantsev,A"]
[Result "0-1"]
[WhiteElo "2217"]
[BlackElo "2500"]

1.e4 e6 2.d4 d5 3.Nd2 Nc6 4.Ngf3 Nf6 5.e5 Nd7 6.Bd3 Nb4 7.Be2 c5 8.c3 Nc6
9.O-O cxd4 10.cxd4 f6 11.exf6 Nxf6 12.Nb1 Bd6 13.Bg5 O-O 14.Nc3 Qb6 15.Bh4 Ne4
16.Bd3 Nf6 17.Bg3 Bxg3 18.hxg3 Qxb2 19.Rc1 Qb6 20.Re1 Qd8 21.Ne2 Qd6 22.Nf4 Bd7
23.Bb1 Rae8 24.Ne5 Re7 25.Re3 Be8 26.g4 Ne4 27.Nxc6 Bxc6 28.Nh3 g6 29.f3 Nf6
30.Qe2 Rfe8 31.Re1 a6 32.Ng5 Qf4  0-1

[Event "Essent Open"]
[Site "Hoogeveen NED"]
[Date "2001.10.16"]
[Round "5"]
[White "Plasman,H"]
[Black "De Mie,M"]
[Result "1/2-1/2"]
[WhiteElo "2217"]
[BlackElo "2161"]

1.e4 e6 2.d4 d5 3.Nd2 a6 4.e5 c5 5.c3 Nc6 6.Ndf3 cxd4 7.cxd4 Qb6 8.Bd3 Bb4+
9.Kf1 Bd7 10.Ne2 f6 11.Be3 f5 12.h4 O-O-O 13.g3 Be7 14.Nc3 Nh6 15.Rc1 Ng4
16.Bd2 Kb8 17.Na4 Qa7 18.Nc5 Nxd4 19.b4 Bxc5 20.bxc5 Bb5 21.Nxd4 Bxd3+ 22.Kg2 Bc4
23.Ba5 Qxc5 24.Bxd8 Rxd8 25.Re1 Qe7 26.Qd2 Rf8 27.Rb1 Ka8 28.Rb6 f4 29.Rxe6 Qd8
30.Rd6 Qe7 31.Re6  1/2-1/2

[Event "4th Golden Autumn"]
[Site "Alushta UKR"]
[Date "2001.10.20"]
[Round "?"]
[White "Gasanov,E"]
[Black "Chuprikov,D"]
[Result "0-1"]
[WhiteElo "2440"]
[BlackElo "2420"]

1.e4 e6 2.d4 d5 3.Nd2 a6 4.Ngf3 c5 5.dxc5 Bxc5 6.Bd3 Nf6 7.Qe2 Nc6 8.a3 Qc7
9.O-O b5 10.exd5 Nxd5 11.Ne4 Bb6 12.c4 bxc4 13.Bxc4 O-O 14.Rd1 Bb7 15.Bxd5 exd5
16.Nc3 Rfe8 17.Qf1 Ne5 18.Nd4 Ng4 19.g3 Qc4 20.Nce2 a5 21.b3 Qc8 22.h3 Ne5
23.Be3 Ba6 24.Qg2 Bxe2 25.Nxe2 Bxe3 26.fxe3 Ng6 27.Rac1 Qe6 28.Rc3 Rac8 29.Qxd5 Qxh3
30.Rxc8 Qxc8 31.Qxa5 Qe6 32.Qc3 h6 33.Rd3 Qg4 34.Qc2 Rc8 35.Rd5 Qf3 36.Qd2  0-1

[Event "WYB14"]
[Site "Oropesa del Mar ESP"]
[Date "2001.10.22"]
[Round "2"]
[White "Baramidze,D"]
[Black "Tello Nunez,A"]
[Result "0-1"]
[WhiteElo "2335"]
[BlackElo "2140"]

1.e4 e6 2.d4 d5 3.Nd2 Nc6 4.c3 e5 5.dxe5 dxe4 6.Qe2 Bf5 7.Nxe4 Qd5 8.Ng3 Bg6
9.Nf3 O-O-O 10.Bf4 Bc5 11.Qb5 a6 12.Qa4 Nh6 13.Bc4 Bxf2+ 14.Kxf2 Ng4+ 15.Ke1 Qc5
16.Rf1 Rhe8 17.Be2 Ncxe5 18.Nxe5 Nxe5 19.Bxe5 Rxe5 20.Rd1 Rde8 21.Rf2 Re3
22.Kf1 Qe7 23.Qb4 Qe6 24.Qg4 f5 25.Nxf5 Bxf5 26.Qxf5 Qxf5 27.Rxf5 Rxe2 28.Rf2 Rxf2+
29.Kxf2 Rf8+ 30.Kg3 b6 31.Rd4 Rf7 32.Rh4 h6 33.Rd4 a5 34.a4 Rf1 35.h3 Rb1
36.Rd2 Ra1 37.Kf4 Rxa4+ 38.Kf5 Ra2 39.Kg6 a4 40.Kxg7 a3 41.Rd1 Rxb2 42.Kxh6 a2
43.Ra1 Rxg2 44.h4 b5 45.h5 c5 46.Kh7 b4 47.cxb4 cxb4 48.h6 b3 49.Kh8 Rh2
50.Kg7 Kb7  0-1

[Event "WYB16"]
[Site "Oropesa del Mar ESP"]
[Date "2001.10.25"]
[Round "5"]
[White "Deepan,C"]
[Black "Berkes,F"]
[Result "0-1"]
[WhiteElo "2297"]
[BlackElo "2541"]

1.e4 e6 2.d4 d5 3.Nd2 Nc6 4.e5 Nxd4 5.c3 Nc6 6.f4 Nh6 7.Ngf3 f6 8.Nb3 Be7
9.Bd3 O-O 10.O-O Qe8 11.Bc2 f5 12.h3 Nd8 13.Nh2 c5 14.g4 b6 15.Be3 Bb7 16.Qe1 a5
17.a4 Kh8 18.Qg3 Nc6 19.Rad1 Rc8 20.Rd2 d4 21.cxd4 Nb4 22.Bd1 c4 23.Nc1 Qc6
24.Bf3 Nd5 25.Ne2 Qxa4 26.Bxd5 Bxd5 27.g5 Ng8 28.h4 Bb4 29.h5 Rc7  0-1

[Event "WYB18"]
[Site "Oropesa del Mar ESP"]
[Date "2001.10.25"]
[Round "5"]
[White "Mista,A"]
[Black "Libiszewski,F"]
[Result "0-1"]
[WhiteElo "2433"]
[BlackElo "2292"]

1.e4 e6 2.d4 d5 3.Nd2 Be7 4.Bd3 c5 5.dxc5 Nf6 6.Qe2 Nc6 7.Ngf3 Nb4 8.Nb3 Nxd3+
9.cxd3 a5 10.Bg5 h6 11.Bxf6 Bxf6 12.e5 Be7 13.Qe3 a4 14.Nbd2 Qa5 15.Rc1 b6
16.cxb6 Bd8 17.Qc5 Qxc5 18.Rxc5 Bxb6 19.Rc6 Rb8 20.Ke2 Bd7 21.Rc2 O-O 22.b4 f5
23.h4 f4 24.Rhc1 Rf5 25.Rc7 Bxc7 26.Rxc7 Be8 27.a3 g5 28.hxg5 hxg5 29.d4 g4
30.Ne1 Rf7 31.Rc5 Bb5+ 32.Kd1 Rh7 33.Nb1 Bc4 34.Nd2 Bb5 35.f3 g3 36.Nb1 Rh1
37.Nc3 Bf1 38.Ne2 Bxg2 39.Kd2 Bh3 40.Nxf4 g2 41.Nexg2 Bxg2 42.Nxg2 Rh2 43.b5 Rxg2+
44.Kc3 Rg3 45.Kb4 Rxf3 46.Rc6 Rb3+ 47.Ka5 R3xb5+  0-1

[Event "WYG18"]
[Site "Oropesa del Mar ESP"]
[Date "2001.10.26"]
[Round "6"]
[White "Stiri,A"]
[Black "Richards,H"]
[Result "1/2-1/2"]
[WhiteElo "2163"]
[BlackElo "2212"]

1.e4 e6 2.d4 d5 3.Nd2 Be7 4.Ngf3 Nf6 5.e5 Nfd7 6.Bd3 c5 7.c3 b6 8.O-O cxd4
9.cxd4 Ba6 10.Bxa6 Nxa6 11.Ne1 Qc8 12.f4 g6 13.g4 Qc6 14.Rf3 Nc7 15.a4 Qb7
16.Nb3 a5 17.Bd2 Na6 18.Qe2 Nb4 19.Rc1 Qa6 20.Qf2 Nb8 21.f5 gxf5 22.gxf5 N8c6
23.f6 Bf8 24.Rh3 Kd7 25.Qf3 Rc8 26.Qh5 Nd8 27.Rxc8 Kxc8 28.Rc3+ Kb7 29.Kf2 Na2
30.Rc2 Nb4 31.Rc3 Na2 32.Rc2 Nb4  1/2-1/2

[Event "WYB18"]
[Site "Oropesa del Mar ESP"]
[Date "2001.10.28"]
[Round "7"]
[White "Lupulescu,C"]
[Black "Libiszewski,F"]
[Result "1-0"]
[WhiteElo "2467"]
[BlackElo "2292"]

1.e4 e6 2.d4 d5 3.Nd2 Be7 4.c3 c5 5.dxc5 Nf6 6.exd5 Qxd5 7.Ngf3 Nbd7 8.b4 a5
9.Bc4 Qh5 10.O-O O-O 11.Nb3 b6 12.c6 Ne5 13.Nxe5 Qxe5 14.b5 a4 15.Nd4 Qc5
16.Bd3 e5 17.Ne2 Rd8 18.Be3 Qd5 19.Nc1 e4 20.Be2 Qe5 21.Bd4 Qg5 22.f4 Qf5
23.Bc4 Bc5 24.Ne2 Ng4 25.Qc1 Qh5 26.h3 Nh6 27.Ng3 Bxd4+ 28.cxd4 Qg6 29.Qe3 Bxh3
30.c7 Rd6 31.f5 Qg4 32.Be2 Qh4 33.gxh3 Qxh3 34.Rac1 Rc8 35.Rf4 Nxf5 36.Rxf5 Rg6
37.Rg5 Qh6 38.Nxe4 f5 39.Rc6  1-0

[Event "Chigorin Mem Open"]
[Site "St Petersburg RUS"]
[Date "2001.10.28"]
[Round "3"]
[White "Kovalevskaya,E"]
[Black "Lysyj,I"]
[Result "1/2-1/2"]
[WhiteElo "2486"]
[BlackElo "2314"]

1.e4 e6 2.d4 d5 3.Nd2 Be7 4.Ngf3 Nf6 5.e5 Nfd7 6.Bd3 c5 7.c3 b6 8.a3 Ba6
9.Bxa6 Nxa6 10.Nf1 O-O 11.Ng3 Nc7 12.O-O b5 13.Be3 a5 14.dxc5 Bxc5 15.Bxc5 Nxc5
16.Nd4 f6 17.exf6 Qxf6 18.Qe2 e5 19.Nxb5 N7e6 20.Nh5 Qg5 21.h4 Qg6  1/2-1/2

[Event "TCh-AUT 2001-2"]
[Site "Moerbisch AUT"]
[Date "2001.10.31"]
[Round "1"]
[White "Kuba,G"]
[Black "Teske,H"]
[Result "0-1"]
[WhiteElo "2313"]
[BlackElo "2504"]

1.e4 e6 2.d4 d5 3.Nd2 Be7 4.Bd3 c5 5.dxc5 Nf6 6.exd5 Qxd5 7.Ngf3 Nbd7 8.O-O Nxc5
9.Bc4 Qh5 10.Re1 Ncd7 11.Nf1 O-O 12.Ng3 Qc5 13.Qe2 Nb6 14.Bd3 Bd7 15.c4 Qc7
16.b3 Bc6 17.Ne5 Bb4 18.Rd1 Bc3 19.Bb2 Bxb2 20.Qxb2 Rfd8 21.Rd2 Nbd7 22.Nxc6 bxc6
23.Rad1 Nc5 24.Be2 Rxd2 25.Qxd2 e5 26.Qe3 Ne6 27.Nf5 c5 28.Bf3 Re8 29.Rd6 e4
30.Be2 Nd4 31.Nh6+ Kf8 32.Ra6 Nxe2+ 33.Qxe2 Qe5  0-1

[Event "WYB18"]
[Site "Oropesa del Mar ESP"]
[Date "2001.11.02"]
[Round "11"]
[White "Sadykov,R"]
[Black "Bhat,V"]
[Result "1-0"]
[WhiteElo "2290"]
[BlackElo "2403"]

1.e4 e6 2.d4 d5 3.Nd2 Be7 4.Bd3 c5 5.dxc5 Nc6 6.Qe2 Nf6 7.Ngf3 Nb4 8.O-O O-O
9.Nb3 a5 10.a4 b6 11.e5 Nd7 12.c6 Nxc6 13.Nbd4 Ndxe5 14.Nxe5 Nxd4 15.Qh5 f5
16.Be3 Bc5 17.Rfe1 Bd7 18.Qd1 Nc6 19.Nxc6 Bxc6 20.Bxc5 bxc5 21.Rxe6 Qd7 22.Qe1 c4
23.Qe5 Rae8 24.Bxf5 Qf7 25.Re1 Bd7 26.Rxe8 Qxe8 27.Qxd5+ Qf7 28.Qxd7 Qxf5
29.Qxf5 Rxf5 30.Rd1 Rf6 31.Rd4 Rb6 32.Rxc4 Rxb2 33.Kf1 Ra2 34.Ke2 Ra3 35.Rf4 h6
36.h4 g6 37.Kd2 Kg7 38.Kc1 Ra1+ 39.Kb2 Rf1 40.Kb3 g5 41.hxg5 hxg5 42.Rg4 Kf6
43.f3 Rb1+ 44.Ka2 Rd1 45.c4 Kf5 46.Kb2 Re1 47.c5 Re5 48.Rc4  1-0

[Event "5th OIBM"]
[Site "Bad Wiessee GER"]
[Date "2001.11.03"]
[Round "8"]
[White "Prusikhin,M"]
[Black "Eingorn,V"]
[Result "1/2-1/2"]
[WhiteElo "2502"]
[BlackElo "2601"]

1.d4 e6 2.e4 d5 3.Nd2 a6 4.e5 Bd7 5.Ndf3 Bb5 6.Bxb5+ axb5 7.Ne2 Nd7 8.Qd3 c6
9.h4 h6 10.Rh3 Ne7 11.h5 Nb6 12.Nh4 Nc4 13.f4 b4 14.b3 Na3 15.Bxa3 Rxa3 16.Kf1 Qa8
17.f5 Nxf5 18.Nxf5 exf5 19.Qxf5 Be7 20.Kg1 O-O 21.Qd7 Bg5 22.Rf3 b6 23.Qd6 Rxa2
24.Rxa2 Qxa2 25.e6 Qa8 26.Ng3 fxe6 27.Qxe6+ Kh8 28.Rxf8+ Qxf8 29.Qxc6 Be3+
30.Kh2 Bxd4 31.Qxd5 Qf4 32.Qa8+ Kh7 33.Kh3 Qe5 34.Qc6 Kg8 35.Qc8+ Kf7 36.Qd7+ Kf6
37.Qd8+ Kf7 38.Qd7+ Kf6 39.Qd8+  1/2-1/2

[Event "EuTChw"]
[Site "Leon ESP"]
[Date "2001.11.08"]
[Round "3"]
[White "Pavlovskaia,E"]
[Black "Zhukova,N"]
[Result "1/2-1/2"]
[WhiteElo "2199"]
[BlackElo "2441"]

1.e4 e6 2.d4 d5 3.Nd2 a6 4.Bd3 c5 5.dxc5 Bxc5 6.Ngf3 Ne7 7.O-O Nbc6 8.exd5 exd5
9.Nb3 Bb6 10.c3 Bg4 11.Bf4 h6 12.Be2 O-O 13.Nfd4 Bxe2 14.Nxe2 Qd7 15.Qd2 Rfe8
16.Rad1 Rad8 17.Rfe1 Ng6 18.Bg3 Nce5 19.Ned4 Nc4 20.Qc2 Qa4 21.Qb1 Rxe1+
22.Rxe1 Re8 23.Rxe8+ Qxe8 24.h3 h5 25.Nf3 Qe4 26.Qxe4 dxe4 27.Nbd2 Nxd2 28.Nxd2 f5
29.Nc4 Ba7 30.Bc7 Kf7 31.Nd6+ Ke6 32.Nxb7 Kd5 33.Nd8 f4 34.Kf1 e3 35.fxe3 Bxe3
36.Ke2 Bc1 37.b3 Nh4 38.g3 fxg3 39.Bxg3 Nf5 40.Bc7 g5 41.Kf3 Nh4+ 42.Kg3 Nf5+
43.Kf3 Nh4+ 44.Kg3  1/2-1/2

[Event "EuTCh"]
[Site "Leon ESP"]
[Date "2001.11.13"]
[Round "7"]
[White "Shaw,J"]
[Black "Arizmendi Martinez,J"]
[Result "1/2-1/2"]
[WhiteElo "2499"]
[BlackElo "2503"]

1.e4 e6 2.d4 d5 3.Nd2 Be7 4.Ngf3 Nf6 5.e5 Nfd7 6.Bd3 c5 7.O-O Nc6 8.Re1 cxd4
9.Nb3 Qb6 10.Bf4 Nc5 11.Nbxd4 Nxd4 12.Nxd4 Nxd3 13.Qxd3 Bd7 14.c3 Rc8 15.Re2 O-O
16.Qg3 Kh8 17.Rae1 Qd8 18.Qh3 Rg8 19.Bd2 g5 20.Qg4 Qf8 21.Re3 Qh6 22.Rh3 Qg6
23.Rg3 Rg7 24.Qd1 h5 25.Bxg5 Bxg5 26.f4 Qh6 27.fxg5 Rxg5 28.Rxg5 Qxg5 29.Qe2 Rg8
30.Rf1 Be8 31.Kh1 Rg6 32.a3 Kg7 33.Nf3 Qg4 34.Qf2 Bb5 35.Rg1 b6 36.Qe3 Qe4
37.Qd2 Qd3 38.Qxd3 Bxd3 39.Nd2 f6 40.Re1 Rg5 41.Nf3 Rf5 42.exf6+ Kxf6 43.Kg1 e5
44.Nh4 Rg5 45.Nf3 Rf5 46.Nh4 Rg5 47.Nf3  1/2-1/2